000 00657nam a22002057a 4500
005 20251108171217.0
008 250721s1990 xx 000 0 ara d
082 1 4 _aم/344.04232062/سمي
100 1 _aغنيم، سمير عبد العزيز
245 1 0 _aموسوعة قوانين مراقبة الأغذية المحلية والمستورده وتنظيم تداولها /
264 1 _aبيروت :
_bدار الجيل،
_c1990.
300 _a
650 1 7 _aالأغذية
650 1 7 _aرقابة
650 1 7 _aمصر
650 1 7 _aقوانين وأنظمة
650 1 7 _aالصحة العامة
942 _2ddc
_cREF
999 _c59419
_d59419